[Event "AUTO-INT-3408"]
[Site "http://www.queenalice.com/game.php?id=1559039"]
[Date "2019.1.31"]
[Round "1"]
[White "Yyyg"]
[Black "ChessDoran"]
[Result "0-1"]
[WhiteElo "1412"]
[BlackElo "2280"]

1. d4 d6 2. e4 Nf6 3. Nc3 e5 4. dxe5 dxe5 5. Qxd8+ Kxd8 6. Bg5 Be6 7. Nd5 Nd7 8.
O-O-O Kc8 9. Nxf6 Nxf6 10. Bxf6 gxf6 11. Nf3 Bc5 12. Bb5 Bxf2 13. g3 c6 14. Ba4
Bxa2 15. b3 b5 16. Bxb5 cxb5 17. Kb2 Bxb3 18. cxb3 Rd8 19. Rxd8+ Kxd8 20. Rd1+
Ke7 21. Nh4 Bd4+ 22. Rxd4 exd4 23. Nf5+ Kd7 24. Nxd4 a6 25. Nf5 Ke6 26. Nd4+ Ke5
0-1

[Event "AUTO-OPEN-4024"]
[Site "http://www.queenalice.com/game.php?id=1559270"]
[Date "2019.2.2"]
[Round "1"]
[White "RobertD"]
[Black "Yyyg"]
[Result "1-0"]
[WhiteElo "1891"]
[BlackElo "1477"]

1. e4 c5 2. Nf3 Nc6 3. Bc4 e6 4. O-O d6 5. d4 cxd4 6. Nxd4 Bd7 7. c3 Nxd4 8.
Qxd4 Ne7 9. Qxd6 Rc8 10. Bb3 Rc6 11. Qd1 Bc8 12. Be3 Qxd1 13. Rxd1 Ng6 14. Ba4
a6 15. Bxc6+ bxc6 16. Nd2 Bb7 17. Nc4 Be7 18. f3 O-O 19. Rd7 Bc8 20. Rd3 a5 21.
Nxa5 c5 22. Nc6 Bf6 23. Bxc5 Bb7 24. Na5 Rb8 25. Bd6 Ba6 26. Bxb8 Bxd3 27. Rd1
Bc2 28. Rd7 Ne5 29. Bxe5 Bxe5 30. Rd8# 1-0

[Event "AUTO-OPEN-4024"]
[Site "http://www.queenalice.com/game.php?id=1559271"]
[Date "2019.2.2"]
[Round "1"]
[White "Yyyg"]
[Black "RobertD"]
[Result "0-1"]
[WhiteElo "1479"]
[BlackElo "1889"]

1. d4 d5 2. c4 dxc4 3. Nf3 e6 4. Nc3 Nf6 5. e4 Be7 6. Bxc4 O-O 7. e5 Nd5 8. Bxd5
exd5 9. Qb3 c6 10. O-O b5 11. Be3 a5 12. Qc2 f5 13. Qd2 Na6 14. Ng5 Bxg5 15.
Bxg5 Qb6 16. Be7 Re8 17. Bd6 Be6 18. Qg5 Qxd4 19. Rad1 Qg4 20. Qxg4 fxg4 21. Ne2
c5 22. Nf4 d4 23. Bxc5 Nxc5 24. Nxe6 Nxe6 25. f4 g6 26. f5 gxf5 27. Rxf5 Rf8 28.
Rxf8+ Rxf8 0-1

[Event "AUTO-OPEN-4024"]
[Site "http://www.queenalice.com/game.php?id=1559292"]
[Date "2019.2.2"]
[Round "1"]
[White "al93oliveira"]
[Black "Yyyg"]
[Result "1-0"]
[WhiteElo "2342"]
[BlackElo "1416"]

1. e4 c5 2. Nf3 Nc6 3. d4 cxd4 4. Nxd4 d5 5. Nxc6 bxc6 6. e5 Bf5 7. g4 Bg6 8. h4
h6 9. h5 Bh7 10. e6 fxe6 11. Bd3 Qa5+ 12. Nc3 Nf6 13. Bxh7 Nxh7 14. Qd3 1-0

[Event "AUTO-OPEN-4024"]
[Site "http://www.queenalice.com/game.php?id=1559293"]
[Date "2019.2.2"]
[Round "1"]
[White "Yyyg"]
[Black "al93oliveira"]
[Result "0-1"]
[WhiteElo "1414"]
[BlackElo "2343"]

1. d4 Nf6 2. c4 e6 3. Nc3 Bb4 4. a3 Bxc3+ 5. bxc3 c5 6. Nf3 Nc6 7. dxc5 Qa5 8.
Bg5 Ne4 9. Bd2 Qxc5 10. e3 b6 11. Bd3 Nd6 12. O-O Ba6 13. Qe2 Bxc4 14. Bxc4 Nxc4
0-1

[Event "AUTO-OPEN-4024"]
[Site "http://www.queenalice.com/game.php?id=1559305"]
[Date "2019.2.2"]
[Round "1"]
[White "Yyyg"]
[Black "Esvir"]
[Result "0-1"]
[WhiteElo "1478"]
[BlackElo "1951"]

1. d4 d5 2. c4 dxc4 3. e4 Nc6 4. d5 Ne5 5. f4 Bg4 6. Nf3 Nxf3+ 7. gxf3 Bh5 8.
Bxc4 Qd6 9. Nd2 Qxf4 10. Rf1 Qxh2 11. Qe2 Qxe2+ 12. Kxe2 g6 13. b3 Bg7 14. Rb1
Nf6 15. e5 Nd7 16. e6 fxe6 17. dxe6 Ne5 18. Ne4 O-O 19. Bg5 Bxf3+ 20. Rxf3 Nxf3
21. Bxe7 Nd4+ 22. Ke3 Nf5+ 23. Ke2 Nxe7 24. Rd1 Rad8 25. Rxd8 Rxd8 26. Ng5 Rd4
27. Nf7 a6 28. Ke3 Nf5+ 29. Ke2 Nd6 0-1

[Event "AUTO-INT-3410"]
[Site "http://www.queenalice.com/game.php?id=1559996"]
[Date "2019.2.6"]
[Round "1"]
[White "zecafernandes"]
[Black "Yyyg"]
[Result "1-0"]
[WhiteElo "1417"]
[BlackElo "1449"]

1. e4 e5 2. a3 Nc6 3. Qf3 Nf6 4. Nh3 Nd4 5. Qc3 Be7 6. Ng5 h6 7. Qh3 Nxc2+ 8.
Ke2 Nxa1 9. Ke1 d5 10. Be2 Bxh3 11. Nxh3 Nc2+ 12. Kf1 1-0

[Event "AUTO-INT-3410"]
[Site "http://www.queenalice.com/game.php?id=1559997"]
[Date "2019.2.6"]
[Round "1"]
[White "Yyyg"]
[Black "zecafernandes"]
[Result "0-1"]
[WhiteElo "1468"]
[BlackElo "1398"]

1. d4 e6 2. e4 d5 3. e5 h6 4. Nf3 Ne7 5. Bd3 Ng6 6. O-O Be7 7. Bxg6 fxg6 8. c3
O-O 9. Qd3 Qe8 10. h3 g5 11. g3 b6 12. h4 g4 0-1

[Event "AUTO-INT-3410"]
[Site "http://www.queenalice.com/game.php?id=1560008"]
[Date "2019.2.6"]
[Round "1"]
[White "vangogh"]
[Black "Yyyg"]
[Result "1-0"]
[WhiteElo "1484"]
[BlackElo "1494"]

1. e4 e6 2. e5 d5 3. d4 c5 4. Nc3 Nc6 5. Bb5 Bd7 6. Bxc6 Bxc6 7. Nf3 Ne7 8. Bg5
h6 9. Bxe7 Bxe7 10. O-O cxd4 11. Qxd4 O-O 12. h3 Qa5 13. a3 Bb5 14. Rfd1 Bc4 15.
b4 Qc7 16. Rdb1 b5 17. a4 a6 18. a5 f6 19. Re1 fxe5 20. Rxe5 Rxf3 21. gxf3 Bf6
22. f4 Bxe5 23. fxe5 Rf8 24. Kg2 Qf7 25. f4 Qg6+ 26. Kf3 Qxc2 27. h4 g5 28. hxg5
Qd3+ 29. Qxd3 Bxd3 30. gxh6 1-0

[Event "AUTO-INT-3410"]
[Site "http://www.queenalice.com/game.php?id=1560009"]
[Date "2019.2.6"]
[Round "1"]
[White "Yyyg"]
[Black "vangogh"]
[Result "0-1"]
[WhiteElo "1493"]
[BlackElo "1541"]

1. d4 d5 2. Nf3 e6 3. c4 dxc4 4. e4 b5 5. b3 c6 6. bxc4 Nf6 7. e5 Ne4 8. Bd3 f5
9. exf6 Nxf6 10. cxb5 Qb6 11. O-O cxb5 12. Be3 Qc6 13. Nbd2 a6 14. Rc1 Qd7 15.
Rxc8+ Qxc8 16. a4 Qc3 17. axb5 Qxd3 18. bxa6 Rxa6 19. Re1 Bb4 20. Qb3 Qxb3 21.
Nxb3 Bxe1 22. Nxe1 O-O 23. Nc5 Ra1 24. Nxe6 Rxe1# 0-1

[Event "AUTO-INT-3410"]
[Site "http://www.queenalice.com/game.php?id=1560016"]
[Date "2019.2.6"]
[Round "1"]
[White "Yyyg"]
[Black "Ruusgugg"]
[Result "1-0"]
[WhiteElo "1475"]
[BlackElo "1546"]

1. d4 d5 2. c4 dxc4 3. e4 f5 4. Bxc4 fxe4 5. Qh5+ g6 6. Qb5+ c6 7. Qb3 e6 8.
Bxe6 Bxe6 9. Qxe6+ Be7 10. Bg5 h6 11. Bxe7 Nxe7 12. Ne2 Qb6 13. O-O Qxb2 14.
Nbc3 Na6 15. Nxe4 Qxe2 16. Nd6+ Kd8 17. Qxe2 g5 18. Nf7+ Kd7 19. Nxh8 Rxh8 20.
Rfe1 1-0

[Event "AUTO-INT-3410"]
[Site "http://www.queenalice.com/game.php?id=1560017"]
[Date "2019.2.6"]
[Round "1"]
[White "Ruusgugg"]
[Black "Yyyg"]
[Result "1-0"]
[WhiteElo "1471"]
[BlackElo "1430"]

1. e4 e5 2. d4 exd4 3. Qxd4 Nc6 4. Qe3 Nf6 5. e5 Nd5 6. Qe4 Nde7 7. Bc4 Ng6 8.
Qd5 Qe7 9. Nf3 Ngxe5 10. Bg5 f6 11. Bh4 Qb4+ 12. c3 Qxb2 13. Nxe5 Nxe5 14. O-O
Nxc4 15. Re1+ Be7 16. Qxc4 Qxa1 17. Qe4 O-O 18. Qc2 d6 19. Qb3+ Kh8 20. Rd1 a5
21. Na3 Be6 22. Qb1 Qxc3 23. Nb5 1-0

[Event "AUTO-OPEN-4026"]
[Site "http://www.queenalice.com/game.php?id=1560261"]
[Date "2019.2.8"]
[Round "1"]
[White "Yyyg"]
[Black "jesuskatz"]
[Result "0-1"]
[WhiteElo "1472"]
[BlackElo "2264"]

1. e4 b6 2. d4 Bb7 3. Nc3 e6 4. Nf3 Bb4 5. Bd2 Bxc3 6. Bxc3 Bxe4 7. Be2 Ne7 8.
O-O O-O 9. Bd3 Bxd3 10. Qxd3 d5 11. Ne5 c5 12. dxc5 bxc5 13. Qg3 Nf5 14. Qg4 Nd7
15. Rfe1 Nf6 16. Qh3 Ne4 17. Rxe4 dxe4 18. g4 Nd4 0-1

[Event "AUTO-OPEN-4026"]
[Site "http://www.queenalice.com/game.php?id=1560262"]
[Date "2019.2.8"]
[Round "1"]
[White "jesuskatz"]
[Black "Yyyg"]
[Result "1-0"]
[WhiteElo "2265"]
[BlackElo "1470"]

1. e4 e5 2. Bc4 Nf6 3. d3 Bc5 4. Nf3 d6 5. c3 a6 6. a4 Bd7 7. d4 exd4 8. cxd4
Bb4+ 9. Bd2 Bxd2+ 10. Nbxd2 b5 11. axb5 O-O 12. bxa6 Nc6 13. O-O Bg4 14. h3 Bxf3
15. Nxf3 Ne7 16. e5 dxe5 17. dxe5 Ne4 18. Qc2 1-0

[Event "AUTO-OPEN-4026"]
[Site "http://www.queenalice.com/game.php?id=1560263"]
[Date "2019.2.8"]
[Round "1"]
[White "Yyyg"]
[Black "Artking"]
[Result "0-1"]
[WhiteElo "1410"]
[BlackElo "1785"]

1. e4 c5 2. Nf3 d6 3. d4 cxd4 4. Nxd4 Nf6 5. Nc3 a6 6. Bd3 g6 7. O-O Bg7 8. f4
Qb6 9. Bc4 Ng4 10. f5 Bxd4+ 11. Kh1 h5 12. Nd5 Qc5 13. fxg6 Qxc4 14. gxf7+ Kf8
15. b3 Qc5 16. c3 Nf2+ 17. Rxf2 Bxf2 18. Qf3 Bg4 19. Nf4 Bxf3 0-1

[Event "AUTO-OPEN-4026"]
[Site "http://www.queenalice.com/game.php?id=1560264"]
[Date "2019.2.8"]
[Round "1"]
[White "Artking"]
[Black "Yyyg"]
[Result "1-0"]
[WhiteElo "1787"]
[BlackElo "1408"]

1. d4 d5 2. c4 e5 3. cxd5 Qxd5 4. Nc3 Qxd4 5. Qxd4 exd4 6. Nb5 Bb4+ 7. Bd2 Bxd2+
8. Kxd2 Na6 9. Nf3 c5 10. Re1 Nf6 11. e3 O-O 12. a3 dxe3+ 13. fxe3 Bd7 14. Nd6
Bg4 15. Nc4 Rad8+ 16. Ke2 Rfe8 17. h3 Bxf3+ 18. gxf3 b5 19. Nd2 Nd5 20. Kf2 Nxe3
21. Rxe3 1-0